Medzinárodné účtovníctvo

Salvato in:
Dettagli Bibliografici
Autore principale: Sedláček, Jozef
Ente Autore: Ekonomická univerzita v Bratislave. Fakulta hospodárskej informatiky
Natura: Libro
Lingua:slovacco
Pubblicazione: Bratislava EU 1994
Edizione:1. vyd.
Soggetti:
Tags: Aggiungi Tag
Nessun Tag, puoi essere il primo ad aggiungerne!!

MARC

LEADER 00000nam a2200000 4500
001 c005116
005 20221214074522.9
020 |a 80-225-0546-3 
041 0 |a slo 
044 |a SK 
245 1 0 |a Medzinárodné účtovníctvo  |c Jozef Sedláček 
250 |a 1. vyd. 
264 1 |a Bratislava  |b EU  |c 1994 
300 |a 105 s. 
610 2 0 |a účtovníctvo 
610 2 0 |a hospodárstvo trhové 
610 2 0 |a systémy informačné 
610 2 0 |a plán podnikový 
610 2 0 |a spoločnosti kapitálové 
610 2 0 |a uzávierka účtovná 
610 2 0 |a Veľká Británia 
610 2 0 |a štandardizácia 
610 2 0 |a rozpočtovníctvo 
100 1 |a Sedláček, Jozef 
710 2 |a Ekonomická univerzita v Bratislave. Fakulta hospodárskej informatiky